00762nam a22001937a 4500999001900000010001500019020003100034035001400065037001300079082001200092100001800104245005400122260004000176270013600216300002700352500003900379942002600418952012400444 c166892d166892 aENG-126167 a978-93-86761-14-9c1495.00 aEN-109699 bDBAD/PUB a320.454 aRanjan,Rakesh aIndian Government and Politics/cby Rakesh Ranjan aNew DelhibAne Books Pvt.Ltd.c2018 a4821,Parwana Bhawan,1st Floor24 Ansari Road, Darya GanjbNew Delhie110002k+91(011)23276843l+91(011)23276863mkapoor@anebooks.com avi304p.c24cm(hb)bill ait includes Index and Bibliography 2ddccENh320.454mRAN 001040708NFICaAVbAVd2019-08-14eDBAD/PUBg1495.00l0o320.454 RANpEN-109699r2019-08-14 00:00:00t1v1495.00yEN